MARC details
| 000 -CABECERA |
| campo de control de longitud fija |
00973nam a2200277 a 4500 |
| 001 - NÚMERO DE CONTROL |
| campo de control |
000004200 |
| 005 - FECHA Y HORA DE LA ÚLTIMA TRANSACCIÓN |
| campo de control |
20260120073949.0 |
| 008 - DATOS DE LONGITUD FIJA--INFORMACIÓN GENERAL |
| campo de control de longitud fija |
090720t2002 dr 000 0 spa d |
| 040 ## - FUENTE DE LA CATALOGACIÓN |
| Centro catalogador/agencia de origen |
DO-SdBNP |
| Lengua de catalogación |
spa |
| Centro/agencia transcriptor |
BNPHU |
| 082 ## - NÚMERO DE LA CLASIFICACIÓN DECIMAL DEWEY |
| Número de clasificación |
269 |
| Número de documento/Ítem |
J91v |
| 100 1# - ENTRADA PRINCIPAL--NOMBRE DE PERSONA |
| Nombre de persona |
Juanes, Benigno |
| Fechas asociadas al nombre |
1916-2009 |
| 9 (RLIN) |
442 |
| 245 13 - MENCIÓN DE TÍTULO |
| Título |
La vida en el espíritu : |
| Resto del título |
(el seminario de vida nueva en el espíritu) / |
| Mención de responsabilidad, etc. |
Benigno Juanes, S.J.; prólogo Monseñor Sam G. Jacob. |
| 260 ## - PUBLICACIÓN, DISTRIBUCIÓN, ETC. |
| Lugar de publicación, distribución, etc. |
Santo Domingo : |
| Nombre del editor, distribuidor, etc. |
Amigo del Hogar, |
| Fecha de publicación, distribución, etc. |
2002. |
| 300 ## - DESCRIPCIÓN FÍSICA |
| Extensión |
235 p. ; |
| Dimensiones |
21 cm. |
| 490 1# - MENCIÓN DE SERIE |
| Mención de serie |
Guiones para una vida en Cristo |
| Designación de volumen o secuencia |
11 |
| 490 1# - MENCIÓN DE SERIE |
| Mención de serie |
Senda |
| 590 ## - NOTA LOCAL (RLIN) |
| Nota local |
Inventariado, 2018/ YL |
| 650 #0 - PUNTO DE ACCESO ADICIONAL DE MATERIA--TÉRMINO DE MATERIA |
| Término de materia o nombre geográfico como elemento de entrada |
Vida espiritual |
| 9 (RLIN) |
268 |
| 650 #4 - PUNTO DE ACCESO ADICIONAL DE MATERIA--TÉRMINO DE MATERIA |
| Término de materia o nombre geográfico como elemento de entrada |
Bautismo en el espiritu santo |
| 9 (RLIN) |
12401 |
| 650 #4 - PUNTO DE ACCESO ADICIONAL DE MATERIA--TÉRMINO DE MATERIA |
| Término de materia o nombre geográfico como elemento de entrada |
Pentecostalismo |
| 9 (RLIN) |
7136 |
| 650 #4 - PUNTO DE ACCESO ADICIONAL DE MATERIA--TÉRMINO DE MATERIA |
| Término de materia o nombre geográfico como elemento de entrada |
Educación católica |
| 9 (RLIN) |
12402 |
| 700 1# - PUNTO DE ACCESO ADICIONAL--NOMBRE DE PERSONA |
| Nombre de persona |
Jacob, Sam G., |
| Término indicativo de función/relación |
pról. |
| 9 (RLIN) |
12403 |
| 830 #0 - PUNTO DE ACCESO ADICIONAL DE SERIE-TÍTULO UNIFORME |
| Título uniforme |
Guiones para una vida en Cristo |
| Número de parte o sección de la obra |
11 |
| 9 (RLIN) |
12404 |
| 830 #0 - PUNTO DE ACCESO ADICIONAL DE SERIE-TÍTULO UNIFORME |
| Título uniforme |
Senda |
| 9 (RLIN) |
12405 |
| 910 ## - DATOS DE OPCIÓN DEL USUARIO (OCLC) |
| Datos de opción del usuario |
Validado. Control de calidad EMS. |